The age of migration:international population movements in the modern world. / (Record no. 893)
[ view plain ]
| 000 -LEADER | |
|---|---|
| fixed length control field | 01163nam a22001937a 4500 |
| 008 - FIXED-LENGTH DATA ELEMENTS--GENERAL INFORMATION | |
| fixed length control field | 120516t xxu||||| |||| 00| 0 eng d |
| 020 ## - INTERNATIONAL STANDARD BOOK NUMBER | |
| International Standard Book Number | 9780230517844 |
| 050 ## - LIBRARY OF CONGRESS CALL NUMBER | |
| Classification number | JV6032.C37 |
| 100 ## - MAIN ENTRY--PERSONAL NAME | |
| Personal name | Castles, Stephen |
| 245 ## - TITLE STATEMENT | |
| Title | The age of migration:international population movements in the modern world. / |
| Statement of responsibility, etc. | Stephen Castles and Mark J. Miller |
| 250 ## - EDITION STATEMENT | |
| Edition statement | 4th ed. |
| 260 ## - PUBLICATION, DISTRIBUTION, ETC. | |
| Place of publication, distribution, etc. | Hampshire: |
| Name of publisher, distributor, etc. | Palgrave macmillan, |
| Date of publication, distribution, etc. | c2009. |
| 300 ## - PHYSICAL DESCRIPTION | |
| Extent | xviii,369 p: |
| Other physical details | ill; |
| Dimensions | 23cm. |
| 500 ## - GENERAL NOTE | |
| General note | Includes index |
| 505 ## - FORMATTED CONTENTS NOTE | |
| Formatted contents note | Contents: Introduction -- Theories of migration -- Globalization, development and migration -- International migration before 1945 -- Migration to Europe, North America and Oceania since 1945 -- Migration in the Asia-Pacific region -- Migration in Sub-Saharan Africa, the middle east and North Africa, and latin America -- The State and international migration: the quest for control -- Migration and security -- Migrants and minorities in the labour force -- New ethnic minorities and society -- Migrants and politics -- Conclusion: migration and mobility in the twenty-first century. |
| 650 ## - SUBJECT ADDED ENTRY--TOPICAL TERM | |
| Topical term following geographic name entry element | Migration. |
| 700 ## - ADDED ENTRY--PERSONAL NAME | |
| Personal name | Miller Mark J. |
| 942 ## - ADDED ENTRY ELEMENTS (KOHA) | |
| Source of classification or shelving scheme | Library of Congress Classification |
| Koha item type | Books |
| Withdrawn status | Lost status | Source of classification or shelving scheme | Damaged status | Not for loan | Home library | Current library | Shelving location | Date acquired | Total Checkouts | Full call number | Barcode | Date last seen | Price effective from | Koha item type |
|---|---|---|---|---|---|---|---|---|---|---|---|---|---|---|
| Library of Congress Classification | WISCONSIN INTERNATIONAL UNIVERSITY COLLEGE, GHANA - MAIN LIBRARY | WISCONSIN INTERNATIONAL UNIVERSITY COLLEGE, GHANA - MAIN LIBRARY | General Stacks | 16/05/2012 | JV6032.C37 | 1874/12 | 16/05/2012 | 16/05/2012 | Books |
